Consideraciones sobre el concepto de establecimiento permanente (Primera parte) (Registro nro. 13081)
[ vista simple ]
| 000 -LEADER | |
|---|---|
| fixed length control field | 00367 a2200109 4500 |
| 001 - CONTROL NUMBER | |
| control field | ART_7860 |
| 005 - DATE AND TIME OF LATEST TRANSACTION | |
| control field | 20260410161638.0 |
| 008 - FIXED-LENGTH DATA ELEMENTS--GENERAL INFORMATION | |
| fixed length control field | 260409a |
| 100 1# - MAIN ENTRY--PERSONAL NAME | |
| Personal name | Edelstein, Andrés M. |
| 245 10 - TITLE STATEMENT | |
| Title | Consideraciones sobre el concepto de establecimiento permanente (Primera parte) |
| 773 0# - HOST ITEM ENTRY | |
| Title | Consultor tributario |
| Related parts | - Vol. 2, Nº 15 (may. 2008) |
| Record control number | REV474 |
No hay ítems disponibles.